| 000 | 00637nam a22001937a 4500 | ||
|---|---|---|---|
| 005 | 20250821124506.0 | ||
| 010 | _aENG-144163 | ||
| 020 |
_c1280.00 _a9788198403704 |
||
| 035 | _aEN-127695 | ||
| 037 | _bDBAD | ||
| 082 |
_a341.247 _21 |
||
| 100 |
_aMehta, Simi _984197 |
||
| 245 |
_aBBIN—A Post-SAARC Phenomenon: _bUnlocking the Potential for Energy Cooperation/ _cSimi Mehta |
||
| 250 | _a1 | ||
| 260 |
_aNew Delhi _bKW Publishers Pvt Ltd _c2025 |
||
| 270 |
_bNew Delhi _aKW Publishers Pvt Ltd; _e110002 _k91 1143528107 _k91 1143528107 |
||
| 300 |
_axiii, 168p. _c24cm(hb) _bIndex |
||
| 942 |
_2ddc _cEN _h341.247 _mMEH |
||
| 999 |
_c213080 _d213080 |
||